История США. Освоение Северной Америки: пер. с англ.

Bibliografiske detaljer
Hovedforfatter: Азимов А. Айзек
Summary:Точно и достоверно изложенный в свойственной Азимову живой и доступной манере материал, обилие любопытнейших фактов и исторических анекдотов делает эту книгу не только полезным, но и увлекательным чтением.
Sprog:russisk
Udgivet: Москва, БСГ-Пресс, 2003
Fag:
Format: Bog
KOHA link:https://koha.lib.tpu.ru/cgi-bin/koha/opac-detail.pl?biblionumber=67281

MARC

LEADER 00000nam0a2200000 4500
001 67281
005 20231101212317.0
010 |a 5933811009 
035 |a (RuTPU)RU\TPU\book\71644 
090 |a 67281 
100 |a 20040914d2003 km y0rusy50 ca 
101 1 |a rus  |c eng 
102 |a RU 
105 |a a z 000zy 
200 1 |a История США. Освоение Северной Америки  |e пер. с англ.  |f А. Азимов 
210 |a Москва  |c БСГ-Пресс  |d 2003 
215 |a 335 с.  |c ил. 
330 |a Точно и достоверно изложенный в свойственной Азимову живой и доступной манере материал, обилие любопытнейших фактов и исторических анекдотов делает эту книгу не только полезным, но и увлекательным чтением. 
610 1 |a история 
610 1 |a США 
610 1 |a Соединенные Штаты Америки 
610 1 |a Северная Америка 
610 1 |a освоение 
610 1 |a индейцы 
610 1 |a греки 
610 1 |a финикийцы 
610 1 |a ирландцы 
610 1 |a викинги 
610 1 |a монголы 
610 1 |a венецианцы 
610 1 |a морские пути 
610 1 |a Англия 
610 1 |a Франция 
686 |a Т3(7Сое)  |v LBC/SL-A  |2 rubbk 
700 1 |a Азимов  |b А.  |c американский писатель-фантаст  |f 1920-1992  |g Айзек  |2 stltpush  |3 (RuTPU)RU\TPU\pers\36273  |9 19349 
801 1 |a RU  |b 63413507  |c 20040914  |g PSBO 
801 2 |a RU  |b 63413507  |c 20160303  |g PSBO 
942 |c BK 
959 |a 118/20040908  |d 1  |e 111,21  |f ЧЗГЛ:1